|
|
|
|
| LEADER |
00000cam a2200000 a 4500 |
| 001 |
40852 |
| 003 |
Ucuenca |
| 005 |
20230308155035.0 |
| 008 |
973072|1969 ||||||||r|||||||||||spa|| |
| 040 |
|
|
|b spa
|a UCuenca-cdrjbv
|c UCuenca
|e rda
|
| 041 |
1 |
|
|a spa
|
| 082 |
0 |
|
|a 100
|
| 100 |
1 |
|
|a Guerra, Luis Felipe
|9 9030
|
| 245 |
|
|
|a Presentación de la filosofía
|c Luis Felipe Guerra
|
| 264 |
|
|
|a Lima
|b Casa de la Cultura del Perú
|c 1969
|
| 300 |
|
|
|a 113 páginas:
|c 17 cm
|
| 336 |
|
|
|2 rdacontent
|a texto
|b txt
|
| 337 |
|
|
|2 rdamedia
|a no mediado
|b n
|
| 338 |
|
|
|2 rdacarrier
|a volumen
|b nc
|
| 650 |
1 |
0 |
|a Epistemología
|9 1263
|
| 852 |
|
|
|a UC-CDJBV
|f Compra
|l 1
|m General
|p 19730726
|q 20,00
|t 40852
|b 0
|d CDRC
|e CDRC
|g 100 ESTANTERIA CERRADA
|z 1973-30-72
|
| 942 |
|
|
|c BK
|2 ddc
|
| 999 |
|
|
|c 4192
|d 4192
|